01163nam a22002897a 45000010005000000030006000050050017000110080041000280200018000690400029000870500018001160820015001341000019001492450112001682600044002803000049003244900064003735050008004375200142004455210020005875210020006076500052006276500053006796500062007326500061007947000018008558625FISKH20251007092217.0251007b cb ||||| |||| 00| 0 eng d a9780531223536 aFISKHbengcFISKHdFISKH aTL540.W7 V458 a629.130092 aVenezia, Mike  aThe wright brothers :binventors whose ideas really took flight /cWritten and illustrated by Mike Venezia  aNew York : bChildren's Press , c2010. a32 pages : bcolor illustrations ;c24 cm .  aGetting to Know the World's Greatest Inventors & Scientists aZ  aAn introduction to the lives and careers of brothers Wilbur and Orville Wright, who built and flew the first successful powered airplane.8 a940 bLexile 8 aZ bRaz-Plus  aWright, Wilbur, 1867-1912vJuvenile Literature  aWright, Orville, 1871-1948vJuvenile Literature  aAeronautics-United States-BiographyvJuvenile Literature  aAeronautics-United States-History vJuvenile Literature  aVenezia, Mike